Hello ocean / (Record no. 94)

MARC details
000 -LEADER
fixed length control field 01123nam a22003497a 4500
001 - CONTROL NUMBER
control field 94
003 - CONTROL NUMBER IDENTIFIER
control field FISKH
005 - DATE AND TIME OF LATEST TRANSACTION
control field 20250814150021.0
008 - FIXED-LENGTH DATA ELEMENTS--GENERAL INFORMATION
fixed length control field 230223b cb ||||| |||| 00| 0 eng d
010 ## - LIBRARY OF CONGRESS CONTROL NUMBER
LC control number 2002015634
020 ## - INTERNATIONAL STANDARD BOOK NUMBER
International Standard Book Number 1570913722 (pbk.)
040 ## - CATALOGING SOURCE
Original cataloging agency DLC
Transcribing agency DLC
Modifying agency DLC
Language of cataloging eng
041 1# - LANGUAGE CODE
Language code of text/sound track or separate title eng
-- spa
Language code of original eng
050 00 - LIBRARY OF CONGRESS CALL NUMBER
Classification number PZ74.3
Item number .R93 2003
082 0# - DEWEY DECIMAL CLASSIFICATION NUMBER
Classification number 813.54
Edition number 21
100 1# - MAIN ENTRY--PERSONAL NAME
Personal name Ryan, Pam Muñoz
245 10 - TITLE STATEMENT
Title Hello ocean /
Statement of responsibility, etc. Pam Muñoz Ryan ; illustrated by Mark Astrella
260 ## - PUBLICATION, DISTRIBUTION, ETC.
Place of publication, distribution, etc. New York :
Name of publisher, distributor, etc. Scholastic,
Date of publication, distribution, etc. 2002
300 ## - PHYSICAL DESCRIPTION
Extent 32 unnumbred pages :
Other physical details color illustrations ;
Dimensions 22 x 29 cm
505 ## - FORMATTED CONTENTS NOTE
Formatted contents note O
520 ## - SUMMARY, ETC.
Summary, etc. Using rhyming text, a child describes the wonder of the ocean experienced through each of her five senses.
521 8# - TARGET AUDIENCE NOTE
Target audience note 600 <br/>
Source Lexile
521 8# - TARGET AUDIENCE NOTE
Target audience note O
Source Raz-Plus
650 #1 - SUBJECT ADDED ENTRY--TOPICAL TERM
Topical term or geographic name entry element Ocean
Form subdivision Fiction.
650 #1 - SUBJECT ADDED ENTRY--TOPICAL TERM
Topical term or geographic name entry element Senses and sensation
Form subdivision Fiction.
650 #1 - SUBJECT ADDED ENTRY--TOPICAL TERM
Topical term or geographic name entry element Stories in rhyme.
650 #1 - SUBJECT ADDED ENTRY--TOPICAL TERM
Topical term or geographic name entry element Spanish language materials
General subdivision Bilingual.
700 1# - ADDED ENTRY--PERSONAL NAME
Personal name Astrella, Mark,
Relator term illustrator
700 1# - ADDED ENTRY--PERSONAL NAME
Personal name Canetti, Yanitzia,
Dates associated with a name 1967-
906 ## - LOCAL DATA ELEMENT F, LDF (RLIN)
a 7
b cbc
c orignew
d 1
e ecip
f 20
g y-gencatlg
942 ## - ADDED ENTRY ELEMENTS (KOHA)
Source of classification or shelving scheme Dewey Decimal Classification
Koha item type Books
Suppress in OPAC No
Holdings
Withdrawn status Lost status Source of classification or shelving scheme Damaged status Not for loan Collection Home library Current library Shelving location Date acquired Total Checkouts Full call number Barcode Date last seen Date last checked out Copy number Price effective from Koha item type
    Library of Congress Classification     Juvenile Fiction Footprints International School Library Network Toul Kork Campus Footprints International School Library Network Toul Kork Campus TK Primary Library Room(4th Floor), Bookcase 3&4, Shelves 17-32, Yellow Books 02/23/2023 4 RYA 813.54 PZ74.R93 FISTK02283 10/19/2023 09/28/2023 1 02/23/2023 Books
    Library of Congress Classification     Juvenile Fiction Footprints International School Library Network Toul Kork Campus Footprints International School Library Network Toul Kork Campus TK Primary Library Room(4th Floor), Bookcase 3&4, Shelves 17-32, Yellow Books 02/23/2023 1 RYA 813,54 PZ74.R93 FISTK04179 03/05/2026 02/13/2026 2 02/23/2023 Books
    Library of Congress Classification     Juvenile Fiction Footprints International School Library Network Toul Kork Campus Footprints International School Library Network Toul Kork Campus TK Primary Library Room(4th Floor), Bookcase 3&4, Shelves 17-32, Yellow Books 02/23/2023 4 RYA 813,54 PZ74.R93 FISTK04180 03/05/2025 09/04/2024 3 02/23/2023 Books
    Library of Congress Classification     Juvenile Fiction Footprints International School Library Network Toul Kork Campus Footprints International School Library Network Toul Kork Campus TK Primary Library Room(4th Floor), Bookcase 3&4, Shelves 17-32, Yellow Books 02/23/2023 3 RYA 813,54 PZ74.R93 FISBK05195 10/17/2025 10/03/2025 4 02/23/2023 Books
    Library of Congress Classification Damaged   Juvenile Fiction Footprints International School Library Network Toul Kork Campus Footprints International School Library Network Toul Kork Campus TK Primary Library Room(4th Floor), Bookcase 3&4, Shelves 17-32, Yellow Books 02/23/2023 1 RYA 813.54 PZ74.R93 FISTK04155 10/19/2023 10/05/2023 5 02/23/2023 Books
    Library of Congress Classification     Juvenile Fiction Footprints International School Library Network Toul Kork Campus Footprints International School Library Network Toul Kork Campus TK Primary Library Room(4th Floor), Bookcase 3&4, Shelves 17-32, Yellow Books 11/15/2023   RYA 813.54 PZ74.R93 FISTK04154 11/15/2023   6 11/15/2023 Books
    Library of Congress Classification     Juvenile Fiction Footprints International School Library Network Toul Tom Poung Campus Footprints International School Library Network Toul Tom Poung Campus TTP Primary Yellow Bookshelves 03/27/2025   RYA 813.54 PZ74.R93 2025-0867 03/27/2025   7 03/27/2025 Books
    Library of Congress Classification     Juvenile Fiction Footprints International School Library Network Toul Tom Poung Campus Footprints International School Library Network Toul Tom Poung Campus TTP Primary Yellow Bookshelves 08/14/2025   RYA 813.54 PZ74.R93 FISTK05124 08/14/2025   8 08/14/2025 Books